Statistics for Sport Picture Puzzle Game #2

Click here to take the quiz!

General Stats

  • This quiz has been taken 2,038 times
  • The average score is 7 of 17

Answer Stats

HintAnswer% Correct
HTML tutorial How many circles are there in the flag of the Olympic Games?5
84%
HTML tutorial Only African host of FIFA World CupSouth Africa
74%
HTML tutorial NBA team with most titlesBoston Celtics
67%
HTML tutorial The leader of the offense in American footballQuarterback
67%
HTML tutorial Gameboard with 64 squares arranged in an eight-by-eight
grid originated in India
Chess
66%
Michael Jordan
64%
HTML tutorial First name of former American professional boxer HolyfieldEvander
58%
HTML tutorial French Open or ______ ______ (Tennis)Roland-Garros
40%
HTML tutorial Club from Belgrade that won UEFA Champions LeagueRed Star Belgrade
35%
HTML tutorial Edson Arantes do NascimentoPele
32%
HTML tutorial Winter Olympic host city in 2006Turin
32%
HTML tutorial Winner of the World Championship in handball for men in 2015France
26%
HTML tutorial Some people call it Giuseppe Meazza and some call it ___ ____San Siro
21%
HTML tutorial Rally driver tragically died in helicopter accident in 2007Colin McRae
19%
HTML tutorial Country with most gold medals in water polo Olympic tournamentHungary
19%
HTML tutorial Four _____ Tournament (Ski jumping)Hills
13%
HTML tutorial Host city of European Grand Prix (Formula 1) in 2016Baku
11%

Score Distribution

Percentile by Number Answered

Percent of People with Each Score

Your Score History

You have not taken this quiz